|
|
|
|
| LEADER |
00814nab a2200217 i 4500 |
| 001 |
publ10078 |
| 005 |
20190328105328.0 |
| 008 |
161208s2016 hu o 0|| zxx d |
| 022 |
|
|
|a 0023-4346
|
| 024 |
7 |
|
|a 10.18414/KSZ.2016.12.1375
|2 doi
|
| 024 |
7 |
|
|a 3149649
|2 mtmt
|
| 040 |
|
|
|a SZTE Publicatio Repozitórium
|b hun
|
| 041 |
|
|
|a zxx
|
| 100 |
1 |
|
|a Juhász Sándor
|
| 245 |
1 |
2 |
|a A tudáshálózatok időbeli változásának vizsgálati lehetőségei
|h [elektronikus dokumentum] /
|c Juhász Sándor
|
| 260 |
|
|
|a Magyar Tudományos Akadémia
|c 2016
|
| 300 |
|
|
|a 1375-1388
|
| 490 |
0 |
|
|a KÖZGAZDASÁGI SZEMLE
|v 63 No. december
|
| 700 |
0 |
1 |
|a Elekes Zoltán
|e aut
|
| 700 |
0 |
1 |
|a Gyurkovics János
|e aut
|
| 856 |
4 |
0 |
|u http://publicatio.bibl.u-szeged.hu/10078/1/Juhasz_etal_2016_Tudashalozatok_idobeli_valtozasa_u.pdf
|z Dokumentum-elérés
|